000 00426 a2200157 4500
005 20260328131646.0
008 260220b |||||||| |||| 00| 0 eng d
020 _a9780143469018
080 _a913(729.1)
_bULL/M
100 _aUllekh N. P.
245 _aMad about Cuba
_b: a malayali revisits the revolution
260 _bPenguin books.
_aIndia.
_c2024.
300 _a223p.
653 _aGeography-Travel-Cuba
942 _cOO
999 _c114428
_d114427